Spleen evaluation using contrast enhanced ultrasonography and Doppler in dogs with subclinical ehrlichiosis (Registro n. 329383)
[ somente texto ]
| 000 -LÍDER | |
|---|---|
| fixed length control field | 04408nab a2200421 i 4500 |
| 003 - CÓDIGO MARC DA AGÊNCIA CATALOGADORA | |
| Campo de controle | BR-BrBNA |
| 005 - DATA E HORA DA ÚLTIMA ATUALIZAÇÃO | |
| Campo de controle | 20241220141950.0 |
| 008 - CAMPO DE TAMANHO FIXO | |
| fixed length control field | 241220b2015 bl.|r|pooa||| 00| 0 eng | |
| 040 ## - FONTE DA CATALOGAÇÃO | |
| Agência catalogadora | BR-BrBNA |
| Idioma da catalogação | eng |
| 072 ## - CATEGORIA AGRIS | |
| Código AGRIS | L73 |
| Código do objeto | 5400 |
| 072 ## - CATEGORIA AGRIS | |
| Código AGRIS | L70 |
| 100 ## - ENTRADA PRINCIPAL - NOME PESSOAL | |
| Nome pessoal | Maronezi, M.C. |
| 100 ## - ENTRADA PRINCIPAL - NOME PESSOAL | |
| Nome pessoal | Feliciano, M.A.R. |
| 100 ## - ENTRADA PRINCIPAL - NOME PESSOAL | |
| Nome pessoal | Crivellenti, L.Z. |
| 100 ## - ENTRADA PRINCIPAL - NOME PESSOAL | |
| Nome pessoal | Borin-Crivellenti, S. |
| 100 ## - ENTRADA PRINCIPAL - NOME PESSOAL | |
| Nome pessoal | Silva, P.E.S. |
| 100 ## - ENTRADA PRINCIPAL - NOME PESSOAL | |
| Nome pessoal | Zampolo, C. |
| 100 ## - ENTRADA PRINCIPAL - NOME PESSOAL | |
| Nome pessoal | Pavan, L. |
| 100 ## - ENTRADA PRINCIPAL - NOME PESSOAL | |
| Nome pessoal | Gasser, B. |
| 100 ## - ENTRADA PRINCIPAL - NOME PESSOAL | |
| Nome pessoal | Simões, A.P.R. |
| 100 ## - ENTRADA PRINCIPAL - NOME PESSOAL | |
| Nome pessoal | Maciel, G.S. |
| 100 ## - ENTRADA PRINCIPAL - NOME PESSOAL | |
| Nome pessoal | Canola, J.C. |
| 100 ## - ENTRADA PRINCIPAL - NOME PESSOAL | |
| Nome pessoal | Vicente, W.R.R. |
| 245 ## - TÍTULO PRINCIPAL | |
| Título principal | Spleen evaluation using contrast enhanced ultrasonography and Doppler in dogs with subclinical ehrlichiosis |
| 500 ## - NOTA GERAL | |
| Nota geral | <br/>Publicação online; 19 ref.; Summaries (En, Pt) |
| 942 ## - ADDED ENTRY ELEMENTS (KOHA) | |
| Koha item type | Analítica |
| 520 ## - NOTA DE RESUMO | |
| Nota de conteúdo | <br/><br/><br/>ABSTRACT - The aim of this study was to evaluate the splenic parenchyma of dogs with subclinical ehrlichiosis using Doppler and contrast-enhanced ultrasonography and provide reference values for this organ in affected animals. Seventeen dogs naturally infected with E. canis were selected for this study. Splenic parenchyma echotexture and echogenicity, size and borders were determined by ultrasound scan. The vascular indices of the splenic artery were determined by Doppler. SonoVue, at 0.1mL per animal, was used in microbubble contrast-enhanced ultrasonography to determine wash in, wash out and peak enhancement time in the splenic tissue. B-mode ultrasonography revealed splenomegaly with rounded borders, heterogeneous echotexture and mixed echogenicity. The vascular indices of the splenic artery were: systolic velocity of 22.59±8.07cm/s, diastolic velocity of 5.25±4.66cm/s and resistance index of 0.71±0.14; values not yet reported in Veterinary Medicine. Contrast-enhanced ultrasonography recorded wash in time of 5.31±0.7s, peak enhancement time of 18.56±2.90s and wash out time of 94.56±35.21s. The combination of conventional ultrasonography of the spleen and hemodynamic evaluation by Doppler and contrast-enhanced ultrasonography is important for the diagnosis of canine ehrlichiosis and could help monitor the clinical evolution of subclinical cases.<br/><br/><br/>Keywords: canine, ehrlichiosis, ultrasound |
| 520 ## - NOTA DE RESUMO | |
| Nota de conteúdo | <br/><br/><br/>RESUMO - O objetivo deste estudo foi avaliar o parênquima esplênico de cães com erliquiose na fase subclínica, por meio do Doppler e da ultrassonografia por contraste com microbolhas. Dezessete cães naturalmente infectados por E. canis na fase subclínica foram selecionados para este estudo. Por meio da ultrassonografia, avaliou-se a ecotextura, a ecogenicidade, o tamanho e os bordos do baço e, pelo Doppler, foram determinados os índices vasculares da artéria esplênica dos cães. Para a avaliação por contraste com microbolhas, foi utilizado SonoVue, na dosagem de 0,1mL por animal, e determinou-se o tempo de entrada e saída, bem como o pico de realce no tecido esplênico. Ao exame modo-B, foram observadas esplenomegalia com presença de bordas arredondadas, ecotextura heterogênea e ecogenicidade mista do baço. Ao Doppler, foram encontrados valores para os índices vasculares da artéria esplênica: velocidade sistólica: 22,59±8,07cm/s; velocidade diastólica: 5,25±4,66cm/s; e índice de resistência: 0,71±0,14, valores ainda não descritos em veterinária. Pela ultrassonografia com contraste, observaram-se valores para wash-in de 5,31±0.7s, pico de realce de 18,56±2.90s e wash-out de 94,56±35.21s. A ultrassonografia convencional do baço de cães com erliquiose, associada com a utilização do método Doppler e a ultrassonografia contrastada, é uma importante ferramenta na triagem diagnóstica e pode auxiliar a monitoração e a evolução de animais na fase subclínica.<br/><br/><br/>Palavras-chave: canino, erliquiose, ultrassom |
| 650 ## - ASSUNTO - THESAGRO | |
| Cabeçalho tópico ou nome geográfico | CÃO |
| 650 ## - ASSUNTO - THESAGRO | |
| Cabeçalho tópico ou nome geográfico | DOENÇA ANIMAL |
| 650 ## - ASSUNTO - THESAGRO | |
| Cabeçalho tópico ou nome geográfico | DIAGNÓSTICO |
| 650 ## - ASSUNTO - THESAGRO | |
| Cabeçalho tópico ou nome geográfico | ERLIQUIOSE |
| 650 ## - ASSUNTO - THESAGRO | |
| Cabeçalho tópico ou nome geográfico | BACTÉRIA |
| 650 ## - ASSUNTO - THESAGRO | |
| Cabeçalho tópico ou nome geográfico | VETERINÁRIA |
| 773 0# - ENTRADA ANALÍTICA | |
| Host Biblionumber | 1643 |
| Registro do item | 315898 |
| Imprenta | Belo Horizonte-MG Universidade Federal de Minas Gerais - Escola de Veterinaria 1983 |
| Outro identificador | 2024-2263 |
| Título | Arquivo Brasileiro de Medicina Veterinária e Zootecnia (Brazil) |
| ISSN | 0102-0935 |
| Colação | v. 67(6) p. 1528-1532; (2015) |
| Número de controle de registro | BR2024004027 |
| 856 ## - ACESSO E ENDEREÇO ELETRÔNICO | |
| Identificador uniforme de recurso - URI | https://www.scielo.br/j/abmvz/a/DNz9pDvNrDXXmbpdZ6YCbTg/?format=pdf&lang=en |
Nenhum exemplar disponível.

BINAGRI